Statystyki dla Kluby Premier League 2023/24

Kliknij tutaj aby rozwiązać quiz!

Ogólne statystyki

  • Ten quiz został rozwiązany 6 069 razy
    (2 636 od ostatniego zresetowania)
  • Średni wynik to 14 z 20

Statystyki odpowiedzi

Zespół% Poprawnych
Manchester City
97%
Manchester United
97%
Arsenal
93%
Liverpool
92%
Chelsea
89%
Tottenham Hotspur
81%
Aston Villa
79%
Luton Town
73%
West Ham United
73%
Everton
71%
Brighton & Hove & Albion
70%
Newcastle United
69%
Wolverhampton Wanderers
65%
Burnley
61%
Crystal Palace
60%
Brentford
56%
Fulham
53%
Nottingham Forest
53%
AFC Bournemouth
51%
Sheffield United
49%

Rozkład punktacji

Percentyl według liczby udzielonych odpowiedzi

Procent ludzi z każdym wynikiem

Twoja historia wyników

Nie rozwiązałeś tego quizu od ostatniego zresetowania